Central Library OPAC University of Rajshahi

Developing a curriculum for modern living (Record no. 50864)

MARC details
000 -LEADER
fixed length control field 01035nam a2200277 a 4500
001 - CONTROL NUMBER
control field 50864
003 - CONTROL NUMBER IDENTIFIER
rucl marc code BD-RjUL
005 - DATE AND TIME OF LATEST TRANSACTION
control field 20211209075557.0
008 - FIXED-LENGTH DATA ELEMENTS--GENERAL INFORMATION
fixed length control field 160828s1947 nyu b 001 0 eng
035 ## - SYSTEM CONTROL NUMBER
System control number (BD-RjUL)50984
System control number (OCoLC)182376
040 ## - CATALOGING SOURCE
Original cataloging agency DLC
Transcribing agency ODaWU
Modifying agency OCoLC
-- DLC
Language of cataloging eng
041 ## - LANGUAGE CODE
Language code of text/sound track or separate title eng
082 ## - DEWEY DECIMAL CLASSIFICATION NUMBER
Classification number 375
Author mark and year STD 1950
100 1# - MAIN ENTRY--PERSONAL NAME
Personal name Stratemeyer, Florence B.
Fuller form of name (Florence Barbara),
Dates associated with a name 1900-
9 (RLIN) 152264
245 10 - TITLE STATEMENT
Title Developing a curriculum for modern living
Statement of responsibility, etc. [by] Florence B. Stratemeyer, Hamden L. Forkner, Margaret G. McKim and cooperating members of the Childhood-Youth Education Committee.
260 ## - PUBLICATION, DISTRIBUTION, ETC. (IMPRINT)
Place of publication, distribution, etc. New York :
Name of publisher, distributor, etc. Teachers College, Columbia Univ.,
Date of publication, distribution, etc. 1947 [Printing 1950]
300 ## - PHYSICAL DESCRIPTION
Pagination xiii, 558 p. ;
Size 24 cm.
500 ## - GENERAL NOTE
General note Illustrated lining-papers.
General note Include index
650 #0 - SUBJECT ADDED ENTRY--TOPICAL TERM
Topical term or geographic name as entry element Education
General subdivision Curricula.
9 (RLIN) 152265
700 1# - ADDED ENTRY--PERSONAL NAME
Personal name Forkner, Hamden Landon,
Dates associated with a name 1897-
Relator term joint author.
Personal name McKim, Margaret Grace,
Dates associated with a name 1914-
Relator term joint author.
942 ## - ADDED ENTRY ELEMENTS (KOHA)
Source of classification or shelving scheme Dewey Decimal Classification
Koha item type Books
Holdings
Lost status Source of classification or shelving scheme Damaged status Not for loan Collection code Permanent Location Current Location Shelving location Date acquired Source of acquisition Total Checkouts Full call number Date last seen Copy number Koha item type
  Dewey Decimal Classification     Non-fiction Central Library, University of Rajshahi Central Library, University of Rajshahi   07/04/1962 Asia Foundation   375 STD 1950 28/08/2016 C-2 Books